|
|
|
|
| LEADER |
00000nam a2200000 a 4500 |
| 001 |
vtls001158085 |
| 003 |
SK-MaSNL |
| 005 |
20260301063237.0 |
| 008 |
251031s1993 xr 0 cze |
| 020 |
|
|
|a 8020403655
|
| 035 |
|
|
|a SNK000100991
|
| 040 |
|
|
|a SNK
|b slo
|c SNK
|e AACR2
|
| 041 |
0 |
|
|a cze
|
| 044 |
|
|
|a xr
|c CZ
|
| 080 |
|
|
|a 327(437.1)(091) Beneš, E.
|2 1981
|
| 100 |
1 |
|
|a Táborský, Eduard
|4 aut
|9 378678
|
| 240 |
1 |
0 |
|a President E. Beneš Betwen West and East
|l Česky
|
| 245 |
1 |
0 |
|a Prezident Beneš mezi Západem a Východem
|c Eduard Táborský ; Přel. Petr Valenta
|
| 250 |
|
|
|a 1. vyd.
|
| 260 |
|
|
|a Praha
|b Mladá fronta
|c 1993
|e Český Těšín
|f Těšínská tiskárna
|
| 300 |
|
|
|a 327 s.
|b [16] s. fot. príl.
|c 20 cm
|
| 490 |
0 |
|
|a Archiv
|v sv. 69
|
| 700 |
1 |
|
|a Valenta, Petr
|4 trl
|9 378679
|
| 852 |
|
|
|a Slovenská národná knižnica
|
| 919 |
|
|
|a 80-204-0365-5
|
| 968 |
|
|
|d Z angl. orig.
|
| 999 |
|
|
|c 623407
|d 625337
|
| 952 |
|
|
|t P60, <03>, [BOOK], {603}
|a SNK
|b SNK
|y PREZ
|7 0
|p 17A0217314
|o snkSD 65889
|0 0
|1 0
|4 0
|d 1999-11-05
|l 0
|r 2005-01-01 00:00:00
|w 2026-02-23
|